kku e-library facility

On Human Nature (Record no. 165)

MARC details
000 -LEADER
fixed length control field 00382nam a22001337a 4500
005 - DATE AND TIME OF LATEST TRANSACTION
control field 20260224113548.0
008 - FIXED-LENGTH DATA ELEMENTS--GENERAL INFORMATION
fixed length control field 260224b |||||||| |||| 00| 0 eng d
020 ## - INTERNATIONAL STANDARD BOOK NUMBER
International Standard Book Number 0553129430
100 ## - MAIN ENTRY--PERSONAL NAME
Personal name Wilson O. Edward
245 ## - TITLE STATEMENT
Title On Human Nature
Statement of responsibility, etc. /Edward O. Wilson
260 ## - PUBLICATION, DISTRIBUTION, ETC.
Place of publication, distribution, etc. United States of America;
Name of publisher, distributor, etc. Havard University Press;
Date of publication, distribution, etc. 1978
300 ## - PHYSICAL DESCRIPTION
Extent xiv,272p. ill;
Dimensions 18cm
942 ## - ADDED ENTRY ELEMENTS (KOHA)
Source of classification or shelving scheme Dewey Decimal Classification
Koha item type Books
Suppress in OPAC No

No items available.

©2025 All rights reserved. KKU